| 000 | 01330nam a2200421 i 4500 | ||
|---|---|---|---|
| 001 | 56068 | ||
| 003 | KOSZ 005 | ||
| 005 | 20210625133741.0 | ||
| 008 | 070615s2008 pl a f f |000 0 pol | ||
| 015 | _aPB 13890/2007 | ||
| 020 | _a9788388999055 | ||
| 040 |
_cWA N _aWA N _dKOSZ 005/HR |
||
| 041 | _apol | ||
| 044 | _aPOL | ||
| 046 | _k2008 | ||
| 080 | _a332.74 | ||
| 080 | _a(076) | ||
| 080 | _a(079) | ||
| 245 | 0 | 0 |
_aZadania rachunkowe dla kandydatów na rzeczoznawców majątkowych / _c[oprac. Ryszard Cymerman et al.]. |
| 250 | _aWyd. 2 popr. i uzup. | ||
| 260 |
_aOlsztyn : _bEducaterra, _c2008. |
||
| 300 |
_a133 s. : _bil. ; _c24 cm. |
||
| 336 |
_2rdacontent _aTekst _btxt |
||
| 337 |
_2rdamedia _aBez urządzenia pośredniczącego _bn |
||
| 338 |
_2rdacarrier _aWolumin _bnc |
||
| 380 | _aKsiążki | ||
| 380 | _aPublikacje fachowe | ||
| 385 | _aRzeczoznawcy majątkowi | ||
| 388 | _a2001- | ||
| 650 | 4 | _aWycena nieruchomości | |
| 650 | 4 | _aEgzaminy zawodowe | |
| 655 | 4 | _aĆwiczenia i zadania | |
| 658 | _aGospodarka, ekonomia, finanse | ||
| 700 | 1 |
_aCymerman, Ryszard _d(1947- ) _eOpracowanie |
|
| 710 | 2 |
_aEducaterra _4pbl |
|
| 856 |
_uhttp://koha.tu.koszalin.pl/cgi-bin/koha/opac-detail.pl?biblionumber=56068 _yKatalog online BPK |
||
| 942 |
_cKS _2UKD |
||
| 999 |
_c56068 _d56068 |
||